Globalización y desempleo: reflexiones empíricas desde la perspectiva de la teoría del sistema mundial = Globalization and unemployment : empirical reflections from the world-system theory perspective /
Se muestra la relevancia de las teorías cuantitativas de la dependencia y del sistema mundial en los intentos de explicar el desempleo, a nivel del sistema mundial y de las regiones Europeas. Se muestra la existencia de correlaciones negativas a largo plazo entre la penetración alta del capital extr...
Αποθηκεύτηκε σε:
| Κύριος συγγραφέας: | |
|---|---|
| Μορφή: | Κείμενο |
| Θέματα: | |
| Ετικέτες: |
Προσθήκη ετικέτας
Δεν υπάρχουν, Καταχωρήστε ετικέτα πρώτοι!
|
MARC
| LEADER | 00000 a a2200000 04500 | ||
|---|---|---|---|
| 001 | 43142 | ||
| 003 | |||
| 040 | |||
| 100 | |a Tausch, Arno | ||
| 245 | |a Globalización y desempleo: reflexiones empíricas desde la perspectiva de la teoría del sistema mundial = |b Globalization and unemployment : empirical reflections from the world-system theory perspective / |c Arno Tausch | ||
| 500 | |a arno.tausch@yahoo.de | ||
| 520 | |a Se muestra la relevancia de las teorías cuantitativas de la dependencia y del sistema mundial en los intentos de explicar el desempleo, a nivel del sistema mundial y de las regiones Europeas. Se muestra la existencia de correlaciones negativas a largo plazo entre la penetración alta del capital extranjero y el empleo a nivel mundial; dicha correlación se mantiene en un estudio del desarrollo regional en la Unión Europea, que apunta a plantear una revisión de la estrategia propuesta por la Comisión Europea para desarrollar una respuesta a nivel de la Unión Europea en materia política industrial. | ||
| 590 | |a KSR/SETIEMBRE2012 | ||
| 650 | |a DESEMPLEO | ||
| 650 | |a INTEGRACION ECONOMICA | ||
| 650 | |a POLITICA ECONOMICA | ||
| 650 | |a UNION EUROPEA | ||
| 650 | |a ECONOMIA DEL TRABAJO | ||
| 650 | |a RELACIONES INTERNACIONALES | ||
| 773 | |g número128 (2010), páginas 71-86 : tablas, gráficos, mapas | ||
| 999 | |c 24338 |d 24338 | ||
| 773 | 0 | |0 18728 |9 3018 |a Universidad de Costa Rica |d San José, Costa Rica Editorial UCR 1956- |o 13130 |t Revista de Ciencias Sociales/ |x 04825276 | |
